000
00233 a2200109 4500
001
63434
082
_a
823 LUD
090
_c
37492
_d
37492
100
_a
Ludlum, R
245
_a
The Bourne ultimatum
_h
English
260
_b
Grafton Books
942
_a
CAE NUST
_k
823 LUD
999
_c
298507
_d
298507